Normal view
MARC view
Entry Personal Name
001 - CONTROL NUMBER
- control field: 13784
003 - CONTROL NUMBER IDENTIFIER
- control field: ARRUPE
005 - DATE AND TIME OF LATEST TRANSACTION
- control field: 20150113124218.0
008 - FIXED-LENGTH DATA ELEMENTS
- fixed length control field: 150113|| aca||aabn | a|a d
040 ## - CATALOGING SOURCE
- Original cataloging agency: ARRUPE
- Transcribing agency: ARRUPE
100 ## - HEADING--PERSONAL NAME
- Personal name: Fine, Arthur.
670 ## - SOURCE DATA FOUND
- Source citation: Work cat.: (ARRUPE)0: Colodny, Robert Garland, compiler. 11493, Paradigms & paradoxes;, [1972]